<?xml version="1.0" encoding="UTF-8"?><?xml-stylesheet type="text/xsl" href="static/style.xsl"?><OAI-PMH xmlns="http://www.openarchives.org/OAI/2.0/" xmlns:xsi="http://www.w3.org/2001/XMLSchema-instance" xsi:schemaLocation="http://www.openarchives.org/OAI/2.0/ http://www.openarchives.org/OAI/2.0/OAI-PMH.xsd"><responseDate>2026-06-29T08:02:19Z</responseDate><request verb="GetRecord" identifier="oai:docta.ucm.es:20.500.14352/121520" metadataPrefix="marc">https://docta.ucm.es/rest/oai/request</request><GetRecord><record><header><identifier>oai:docta.ucm.es:20.500.14352/121520</identifier><datestamp>2025-06-19T23:54:13Z</datestamp><setSpec>com_20.500.14352_14</setSpec><setSpec>col_20.500.14352_15</setSpec></header><metadata><record xmlns="http://www.loc.gov/MARC21/slim" xmlns:dcterms="http://purl.org/dc/terms/" xmlns:xsi="http://www.w3.org/2001/XMLSchema-instance" xmlns:doc="http://www.lyncode.com/xoai" xsi:schemaLocation="http://www.loc.gov/MARC21/slim http://www.loc.gov/standards/marcxml/schema/MARC21slim.xsd">
   <leader>00925njm 22002777a 4500</leader>
   <datafield ind2=" " ind1=" " tag="042">
      <subfield code="a">dc</subfield>
   </datafield>
   <datafield ind2=" " ind1=" " tag="720">
      <subfield code="a">Pedraza, Patrizia</subfield>
      <subfield code="e">author</subfield>
   </datafield>
   <datafield ind2=" " ind1=" " tag="260">
      <subfield code="c">2024</subfield>
   </datafield>
   <datafield ind2=" " ind1=" " tag="520">
      <subfield code="a">Desde la segunda mitad del pasado siglo, las producciones intelectuales en relación a la cuestión de la tecnificación moderna han ido en aumento; la técnica y las formas de alienación social han sido objeto de estudio de pensadores de las más diversas disciplinas. Una de las primeras figuras en acometer esta empresa fue Martin Heidegger, desde la fenomenología hermenéutica, mientras que una de las teorizaciones más recientes al respecto parte de la sociología crítica fenomenológica de Hartmut Rosa. En el presente escrito, partiremos de ambos para pensar el problema de la disponibilidad.</subfield>
   </datafield>
   <datafield ind2=" " ind1=" " tag="520">
      <subfield code="a">Since the second half of the last century, intellectual productions in relation to the question of modern technification have been increasing; technique and the forms of social alienation have been the object of study of thinkers from the most diverse disciplines. One of the first figures to undertake this enterprise was Martin Heidegger, from hermeneutic phenomenology, while one of the most recent theorizations in this regard comes from the phenomenological critical sociology of Hartmut Rosa. In this paper, we will start from both of them to think about the problem of availability.</subfield>
   </datafield>
   <datafield ind1="8" ind2=" " tag="024">
      <subfield code="a">Pedraza, Patrizia (2024). Lo (In)disponible. De la técnica heideggeriana a la contradicción de la Modernidad en Hartmut Rosa. Differenz. Revista Internacional De Estudios Heideggerianos Y Sus Derivas contemporáneas, (10), 67–77.</subfield>
   </datafield>
   <datafield ind1="8" ind2=" " tag="024">
      <subfield code="a">2695-9011</subfield>
   </datafield>
   <datafield ind1="8" ind2=" " tag="024">
      <subfield code="a">10.12795/Differenz.2024.i10.03</subfield>
   </datafield>
   <datafield ind1="8" ind2=" " tag="024">
      <subfield code="a">https://hdl.handle.net/20.500.14352/121520</subfield>
   </datafield>
   <datafield ind1="8" ind2=" " tag="024">
      <subfield code="a">2386-4877</subfield>
   </datafield>
   <datafield ind1="8" ind2=" " tag="024">
      <subfield code="a">https://doi.org/10.12795/Differenz.2024.i10.03</subfield>
   </datafield>
   <datafield ind1="8" ind2=" " tag="024">
      <subfield code="a">https://revistascientificas.us.es/index.php/Differenz/article/view/25704</subfield>
   </datafield>
   <datafield ind2="0" ind1="0" tag="245">
      <subfield code="a">Lo (In)disponible. De la técnica heideggeriana a la contradicción de la Modernidad en Hartmut Rosa</subfield>
   </datafield>
</record></metadata></record></GetRecord></OAI-PMH>